00341 a2200109 4500001001000000005001700010008004100027245004000068100002600108700002500134773007200159ART_5645520260410161609.0260409a 10aResolución técnica (FACPCE) 53.1 aFaccendini, Yanina C.1 aOubiña, Gabriel H.0 tProfesional & Empresariag- Año XXIII, Nº 272 (mayo 2022)wREV70